|
|
|
|
| LEADER |
01639cas a2200241 a 4500 |
| 001 |
AALejournalIMF005496 |
| 008 |
230101c9999 xx r poo 0 0eng d |
| 020 |
|
|
|c 5.00 USD
|
| 020 |
|
|
|z 9781451871203
|
| 022 |
|
|
|a 1018-5941
|
| 040 |
|
|
|a BD-DhAAL
|c BD-DhAAL
|
| 110 |
2 |
|
|a International Monetary Fund.
|
| 245 |
1 |
4 |
|a The Tasks Ahead.
|
| 264 |
|
1 |
|a Washington, D.C. :
|b International Monetary Fund,
|c 2008.
|
| 300 |
|
|
|a 1 online resource (8 pages)
|
| 490 |
1 |
|
|a IMF Working Papers
|
| 500 |
|
|
|a <strong>Off-Campus Access:</strong> No User ID or Password Required
|
| 500 |
|
|
|a <strong>On-Campus Access:</strong> No User ID or Password Required
|
| 506 |
|
|
|a Electronic access restricted to authorized BRAC University faculty, staff and students
|
| 520 |
3 |
|
|a This note, prepared ahead of the G20 Summit (November 15), builds upon the points laid out in the Managing Director's letter to the Heads of State and Government (November 9). It lays out two tasks ahead for policy makers. Policies for now should cover:(i)implementing and coordinating policies to sustain demand; (ii) providing liquidity support to emerging economies; and (iii) protecting low-income countries. Longer term reforms of the financial architecture should touch upon:(i) the design of financial regulation; (ii) a better way of assessing systemic risk; and (iii) mechanisms for more effective actions for crisis prevention and resolution.
|
| 538 |
|
|
|a Mode of access: Internet
|
| 830 |
|
0 |
|a IMF Working Papers; Working Paper ;
|v No. 2008/262
|
| 856 |
4 |
0 |
|z Full text available on IMF
|u http://elibrary.imf.org/view/journals/001/2008/262/001.2008.issue-262-en.xml
|z IMF e-Library
|